[Event "4NCL/Div2/BRI1 vs. KHE"]
[Site "Sunningdale ENG"]
[Date "2008.05.04"]
[Round "10.1"]
[White "Berzinsh, Roland"]
[Black "Kwiatkowski, Feliks J"]
[Result "1/2-1/2"]
[WhiteElo "2417"]
[BlackElo "2216"]
[PlyCount "119"]
[EventDate "2008.05.04"]
[EventCountry "ENG"]
[SourceDate "2007.09.15"]

1. e4 c5 2. Nf3 Nc6 3. d4 cxd4 4. Nxd4 Nf6 5. Nc3 e5 6. Ndb5 d6 7. Bg5 a6 8.
Na3 b5 9. Nd5 Be7 10. Bxf6 Bxf6 11. c4 b4 12. Nc2 a5 13. g3 O-O 14. Bg2 Be6 15.
O-O Bg5 16. b3 Ne7 17. Nce3 Bxe3 18. Nxe3 Rb8 19. Qd3 Nc6 20. Rad1 Qb6 21. Nc2
Rbd8 22. Rd2 Nb8 23. Qe3 Qc7 24. a3 Na6 25. axb4 axb4 26. Rfd1 Nc5 27. Rb1 Qb6
28. Rdd1 Rb8 29. Rb2 Rfd8 30. Qd2 Bg4 31. Re1 Be6 32. Ne3 Ra8 33. Rd1 Ra3 34.
Rdb1 Raa8 35. Ra2 Rxa2 36. Qxa2 Qb7 37. Ra1 g6 38. Qc2 Ra8 39. Rd1 Qb6 40. Nf5
Rd8 41. Ne3 Ra8 42. Nf5 Rd8 43. Ne3 Ra8 44. Rd2 Ra1+ 45. Rd1 Ra3 46. Rb1 Qa5
47. Qd1 Qa6 48. h4 Kg7 49. h5 f6 50. Qd2 Qb6 51. h6+ Kf7 52. Nd5 Qb8 53. Qd1
Bxd5 54. Qxd5+ Ke7 55. Qd1 Qf8 56. Qe1 Qb8 57. Qd1 Qf8 58. Qd2 Qb8 59. Qe3 Qa7
60. Qd2 1/2-1/2

[Event "4NCL/Div2/BRI1 vs. KHE"]
[Site "Sunningdale ENG"]
[Date "2008.05.04"]
[Round "10.2"]
[White "Okike, David C"]
[Black "Cobb, Charles"]
[Result "1/2-1/2"]
[WhiteElo "2195"]
[BlackElo "2407"]
[PlyCount "127"]
[EventDate "2008.05.04"]
[EventCountry "ENG"]
[SourceDate "2007.09.15"]

1. e4 e6 2. d4 d5 3. Nc3 Nf6 4. e5 Nfd7 5. f4 c5 6. Nf3 Nc6 7. Be3 Qb6 8. Na4
Qa5+ 9. c3 cxd4 10. b4 Nxb4 11. cxb4 Bxb4+ 12. Bd2 Bxd2+ 13. Nxd2 O-O 14. Qb3
f6 15. exf6 Nxf6 16. Qb5 Qc7 17. g3 e5 18. Qc5 Qxc5 19. Nxc5 e4 20. Ndb3 b6 21.
Na6 d3 22. Nc7 Rb8 23. Nb5 Bd7 24. N5d4 Rbc8 25. h3 a5 26. Kf2 h5 27. Rg1 a4
28. Nd2 Rc5 29. Ke3 b5 30. f5 Ne8 31. g4 Nd6 32. Rg2 Nc4+ 33. Nxc4 bxc4 34. Rc1
c3 35. Bxd3 exd3 36. Kxd3 Re8 37. gxh5 Kh7 38. Rcg1 Re7 39. Rg6 Rf7 40. R1g2 c2
41. Rxc2 Rxc2 42. Kxc2 Bxf5+ 43. Nxf5 Rxf5 44. Rg4 Rf2+ 45. Kb1 Rh2 46. h4 a3
47. Ra4 Rh3 48. Kc2 Kh6 49. Rg4 d4 50. Rxd4 Kxh5 51. Ra4 Rg3 52. Kc1 Rf3 53.
Kb1 Rc3 54. Rd4 Rh3 55. Ra4 Rxh4 56. Rxa3 g5 57. Ra8 Rb4+ 58. Kc2 g4 59. a3 Rb6
60. Rh8+ Kg5 61. Kc3 g3 62. Rh1 Rf6 63. Kb4 Rf4+ 64. Kb5 1/2-1/2

[Event "4NCL/Div2/BRI1 vs. KHE"]
[Site "Sunningdale ENG"]
[Date "2008.05.04"]
[Round "10.3"]
[White "Buckley, Simon"]
[Black "Thomas, Richard H"]
[Result "1-0"]
[WhiteElo "2340"]
[BlackElo "2185"]
[PlyCount "101"]
[EventDate "2008.05.04"]
[EventCountry "ENG"]
[SourceDate "2007.09.15"]

1. d4 g6 2. e4 Bg7 3. Nc3 c6 4. Be3 d6 5. Bd3 Nd7 6. Nf3 b5 7. Qd2 Nb6 8. Qe2
Nf6 9. h3 O-O 10. O-O Be6 11. Bg5 h6 12. Bf4 Bc4 13. e5 Nfd5 14. Nxd5 Nxd5 15.
Bd2 Bxd3 16. Qxd3 Qd7 17. Rfe1 Nc7 18. Qe4 Ne6 19. Rad1 Rac8 20. c3 Qb7 21. Qh4
Kh7 22. exd6 exd6 23. Nh2 Rce8 24. Bxh6 Rh8 25. Bxg7+ Kxg7 26. Qg3 Rd8 27. Ng4
Rh5 28. Re2 Qd7 29. Rde1 Rdh8 30. Re3 Rf5 31. Rf3 Rhh5 32. Rxf5 Rxf5 33. Qh4
Rh5 34. Qf6+ Kf8 35. Re3 Qe7 36. Qf3 f5 37. Nh2 d5 38. Re5 Qf7 39. Re1 Rh4 40.
Qd1 Re4 41. Nf3 Qe8 42. Ne5 Kg7 43. f3 Rxe1+ 44. Qxe1 g5 45. Nd3 Qg6 46. Qe5+
Kh7 47. Qd6 f4 48. Ne5 Qb1+ 49. Kh2 Qe1 50. Qe7+ Kh8 51. Qf6+ 1-0

[Event "4NCL/Div2/BRI1 vs. KHE"]
[Site "Sunningdale ENG"]
[Date "2008.05.04"]
[Round "10.4"]
[White "Mackenzie, Colin"]
[Black "Bruehl, Andreas"]
[Result "0-1"]
[WhiteElo "2117"]
[BlackElo "2387"]
[PlyCount "106"]
[EventDate "2008.05.04"]
[EventCountry "ENG"]
[SourceDate "2007.09.15"]

1. c4 Nf6 2. g3 c6 3. Bg2 d5 4. Nf3 dxc4 5. a4 Nbd7 6. Na3 e5 7. Nxc4 e4 8. Ng5
Nc5 9. Ne5 Qd5 10. Nexf7 Rg8 11. b4 Ne6 12. d3 Bxb4+ 13. Bd2 Bxd2+ 14. Qxd2 e3
15. Qxe3 Qxg2 16. Nd6+ Kd8 17. Nxe6+ Bxe6 18. Kd2 Qd5 19. Nxb7+ Ke7 20. Rhc1
Kf7 21. Rc5 Qd7 22. Na5 Rac8 23. Rac1 Bd5 24. Qf4 Rge8 25. Nc4 Bxc4 26. Qxc4+
Re6 27. Ke1 g6 28. Re5 Rce8 29. Rb1 Kg7 30. Rxe6 Rxe6 31. Rb8 Re7 32. Qb4 Qc7
33. a5 c5 34. Qb5 Qe5 35. e3 a6 36. Qb6 Qc3+ 37. Ke2 Qc2+ 38. Ke1 Qc3+ 39. Ke2
c4 40. Qd6 cxd3+ 41. Qxd3 Qxa5 42. Qd6 Rf7 43. Qe6 Qh5+ 44. Ke1 Qxh2 45. Qe5
Qh1+ 46. Kd2 Rd7+ 47. Kc2 Qd1+ 48. Kb2 Rd2+ 49. Ka3 Rd3+ 50. Kb2 Qe2+ 51. Ka1
Ra3+ 52. Kb1 Qd1+ 53. Kb2 Qa1+ 0-1

[Event "4NCL/Div2/BRI1 vs. KHE"]
[Site "Sunningdale ENG"]
[Date "2008.05.04"]
[Round "10.5"]
[White "Walker, Martin"]
[Black "Gilfillan, Andrew"]
[Result "1-0"]
[WhiteElo "2239"]
[BlackElo "2130"]
[PlyCount "60"]
[EventDate "2008.05.04"]
[EventCountry "ENG"]
[SourceDate "2007.09.15"]

1. e4 d5 2. exd5 Nf6 3. c4 Bg4 4. f3 Bf5 5. d4 e6 6. dxe6 Bb4+ 7. Bd2 Qe7 8.
Qa4+ Nc6 9. d5 Nxd5 10. cxd5 Qh4+ 11. Kd1 O-O-O 12. Nc3 Rxd5 13. Nxd5 Qd4 14.
Ne7+ Bxe7 15. Qxd4 Nxd4 16. exf7 Bc2+ 17. Ke1 Bg6 18. Kf2 Bxf7 19. Ne2 Nf5 20.
Rc1 b6 21. Ng3 Nd4 22. Be3 Rd8 23. Ba6+ Kb8 24. Rhd1 c5 25. Bxd4 cxd4 26. Rxd4
Re8 27. Ne4 Be6 28. Rc6 Bf5 29. g4 Bg6 30. Rdc4 Bh4+ 1-0

[Event "4NCL/Div2/WES1 vs. WRO"]
[Site "Sunningdale ENG"]
[Date "2008.05.04"]
[Round "10.1"]
[White "Allicock, Rawle A"]
[Black "McNab, Colin"]
[Result "0-1"]
[WhiteElo "2301"]
[BlackElo "2443"]
[PlyCount "36"]
[EventDate "2008.05.04"]
[EventCountry "ENG"]
[SourceDate "2007.09.15"]

1. e4 c5 2. Nf3 e6 3. Nc3 a6 4. d4 cxd4 5. Nxd4 b5 6. Bd3 Qb6 7. Nb3 Qc7 8. O-O
Nf6 9. Bg5 Be7 10. Re1 Nc6 11. f4 d6 12. Kh1 b4 13. Ne2 Ng4 14. Qd2 Nf2+ 15.
Kg1 Qb6 16. Kf1 Ng4 17. Ng3 f6 18. Bh4 g5 0-1

[Event "4NCL/Div2/WES1 vs. WRO"]
[Site "Sunningdale ENG"]
[Date "2008.05.04"]
[Round "10.2"]
[White "Gourlay, Iain"]
[Black "Simons, Martin J"]
[Result "0-1"]
[WhiteElo "2371"]
[BlackElo "2221"]
[PlyCount "80"]
[EventDate "2008.05.04"]
[EventCountry "ENG"]
[SourceDate "2007.09.15"]

1. Nf3 d6 2. d4 Bg4 3. e4 Nf6 4. Bd3 Nbd7 5. h3 Bxf3 6. Qxf3 g6 7. Be3 Bg7 8.
Nd2 O-O 9. O-O c6 10. Qe2 Qc7 11. f4 e6 12. g4 Rfe8 13. e5 Nd5 14. Ne4 dxe5 15.
fxe5 c5 16. Nd6 Rf8 17. Bf2 Nf4 18. Qf3 Nxd3 19. cxd3 cxd4 20. Rac1 Qb6 21. Nc4
Nxe5 22. Nxe5 Bxe5 23. Rc2 Rad8 24. h4 Rd7 25. h5 f5 26. Re2 Bb8 27. Bg3 Bxg3
28. Qxg3 Qd6 29. Qe1 Re7 30. gxf5 gxf5 31. h6 Rf6 32. Rg2+ Rg6 33. Qh4 Rf7 34.
Rff2 e5 35. Qh5 Rff6 36. Rc2 Rxg2+ 37. Kxg2 Rxh6 38. Qe8+ Kg7 39. Rc8 Qd5+ 40.
Kf2 Rh2+ 0-1

[Event "4NCL/Div2/WES1 vs. WRO"]
[Site "Sunningdale ENG"]
[Date "2008.05.04"]
[Round "10.3"]
[White "Lock, Gavin R"]
[Black "Van de Griendt, Jan W"]
[Result "1/2-1/2"]
[WhiteElo "2228"]
[BlackElo "2354"]
[PlyCount "40"]
[EventDate "2008.05.04"]
[EventCountry "ENG"]
[SourceDate "2007.09.15"]

1. Nf3 Nf6 2. c4 e6 3. Nc3 d5 4. d4 c6 5. Bg5 Nbd7 6. e3 Qa5 7. Nd2 Bb4 8. Qc2
c5 9. Bxf6 Nxf6 10. Nb3 Bxc3+ 11. Qxc3 Qxc3+ 12. bxc3 cxd4 13. cxd4 dxc4 14.
Bxc4 Bd7 15. O-O Ke7 16. Rfc1 Rhc8 17. Nc5 Bc6 18. f3 Rc7 19. Kf2 Rac8 20. Be2
Nd7 1/2-1/2

[Event "4NCL/Div2/WES1 vs. WRO"]
[Site "Sunningdale ENG"]
[Date "2008.05.04"]
[Round "10.4"]
[White "Barrett, Steve J"]
[Black "Webb, Richard M"]
[Result "1/2-1/2"]
[WhiteElo "2260"]
[BlackElo "2259"]
[PlyCount "37"]
[EventDate "2008.05.04"]
[EventCountry "ENG"]
[SourceDate "2007.09.15"]

1. d4 Nf6 2. c4 g6 3. Nc3 d5 4. cxd5 Nxd5 5. e4 Nxc3 6. bxc3 Bg7 7. Nf3 O-O 8.
Be2 c5 9. Rb1 cxd4 10. cxd4 Qa5+ 11. Qd2 Qxd2+ 12. Bxd2 b6 13. O-O Bb7 14. Bd3
Rd8 15. Be3 Nc6 16. d5 Ne5 17. Nxe5 Bxe5 18. Rfc1 Rac8 19. Kf1 1/2-1/2

[Event "4NCL/Div2/WES1 vs. WRO"]
[Site "Sunningdale ENG"]
[Date "2008.05.04"]
[Round "10.5"]
[White "Rutter, Nicholas"]
[Black "Gayson, Peter M"]
[Result "1/2-1/2"]
[WhiteElo "2186"]
[BlackElo "2259"]
[PlyCount "90"]
[EventDate "2008.05.04"]
[EventCountry "ENG"]
[SourceDate "2007.09.15"]

1. e4 c5 2. Nf3 e6 3. d4 cxd4 4. Nxd4 Nf6 5. Nc3 Nc6 6. Ndb5 Bb4 7. a3 Bxc3+ 8.
Nxc3 d5 9. exd5 exd5 10. Bd3 O-O 11. O-O d4 12. Ne2 Bg4 13. f3 Bh5 14. b4 Nd5
15. Nf4 Nxf4 16. Bxf4 Qf6 17. Qd2 Bg6 18. Bg5 Qd6 19. Bc4 Rac8 20. Bb3 h6 21.
Bh4 b5 22. Rad1 Rfe8 23. Rfe1 a6 24. Bf2 Rcd8 25. Bg3 Qf6 26. Qf4 Rxe1+ 27.
Rxe1 Qxf4 28. Bxf4 d3 29. cxd3 Rxd3 30. Re3 Nd4 31. Rxd3 Bxd3 32. Bd1 Be2 33.
Be5 Nxf3+ 34. gxf3 Bxd1 35. Kf2 f6 36. Bd6 Kf7 37. Ke3 g5 38. f4 g4 39. f5 h5
40. Kf4 h4 41. Bc5 Ke8 42. Bf2 h3 43. Bd4 Ke7 44. Bc3 Be2 45. Bd4 Bd1 1/2-1/2

[Event "4NCL/Div2/WES1 vs. WRO"]
[Site "Sunningdale ENG"]
[Date "2008.05.04"]
[Round "10.6"]
[White "Townsend, Paul"]
[Black "Jenks, Bruce"]
[Result "1/2-1/2"]
[WhiteElo "2214"]
[BlackElo "2137"]
[PlyCount "102"]
[EventDate "2008.05.04"]
[EventCountry "ENG"]
[SourceDate "2007.09.15"]

1. d4 Nf6 2. c4 c5 3. d5 b5 4. cxb5 a6 5. bxa6 Bxa6 6. Nc3 d6 7. Nf3 g6 8. Nd2
Qa5 9. e4 Bxf1 10. Kxf1 Qa6+ 11. Qe2 Bg7 12. Nc4 O-O 13. g3 Nbd7 14. Kg2 Rfb8
15. Bd2 Nb6 16. b3 Nfd7 17. Nxb6 Qxe2 18. Nxe2 Rxb6 19. Bc3 Ne5 20. Rhb1 Rab8
21. Rd1 f5 22. exf5 gxf5 23. Nf4 Ng6 24. Nxg6 hxg6 25. Rd3 Bxc3 26. Rxc3 Kf7
27. Re1 Rb4 28. Ree3 Ra8 29. a4 g5 30. Rf3 f4 31. Kh3 Kg6 32. gxf4 Rh8+ 33. Kg2
gxf4 34. Rc4 Rxc4 35. bxc4 Kf5 36. Ra3 Ke4 37. a5 Rg8+ 38. Kf1 Kd4 39. Ra4 f3
40. a6 Rb8 41. Ke1 Kc3 42. Ra3+ Kxc4 43. h4 Kxd5 44. h5 Ra8 45. a7 Ke5 46. Kd2
Kf5 47. Ke3 Kg5 48. Kxf3 d5 49. Ra6 Kxh5 50. Kf4 c4 51. Ke5 c3 1/2-1/2

[Event "4NCL/Div2/WES1 vs. WRO"]
[Site "Sunningdale ENG"]
[Date "2008.05.04"]
[Round "10.8"]
[White "Khakimova, Masura"]
[Black "Moore, Gillian A"]
[Result "1-0"]
[WhiteElo "1978"]
[BlackElo "1905"]
[PlyCount "117"]
[EventDate "2008.05.04"]
[EventCountry "ENG"]
[SourceDate "2007.09.15"]

1. d4 d5 2. c4 c6 3. Nc3 dxc4 4. e3 b5 5. a4 b4 6. Ne4 Bf5 7. Ng3 Bg6 8. Bxc4
Nf6 9. a5 e5 10. Nf3 exd4 11. Qxd4 Qxd4 12. Nxd4 c5 13. Nb3 Nbd7 14. O-O Be7
15. f4 Bc2 16. e4 O-O 17. e5 Ng4 18. e6 Bxb3 19. Bxb3 Ndf6 20. Nf5 Bd8 21. e7
Re8 22. exd8=Q Raxd8 23. h3 Nh6 24. Nxh6+ gxh6 25. f5 Kg7 26. Bf4 Rd4 27. Rad1
Ree4 28. Rxd4 cxd4 29. Bd6 Re2 30. Rb1 Re3 31. Bc4 b3 32. Rd1 Ne4 33. Rxd4 Kf6
34. Bf4 Re1+ 35. Kh2 h5 36. Rd7 Kxf5 37. Rxf7+ Kg6 38. Re7 Kf5 39. Bb8 Ra1 40.
Re5+ Kf4 41. Rxh5+ Ke3 42. Bxa7+ Kd2 43. Rd5+ Kc1 44. Bd4 Kc2 45. Be5 Nf2 46.
Rb5 Rh1+ 47. Kg3 Ne4+ 48. Kh4 Nd2 49. Be6 Rf1 50. a6 Rf8 51. a7 Ra8 52. Bb8
Kxb2 53. Bxb3 Nxb3 54. Rxb3+ Kxb3 55. Kh5 Kc4 56. g4 Kd5 57. Kh6 Ke6 58. Kxh7
Kf6 59. h4 1-0

[Event "4NCL/Div2/HKF2 vs. GUI3"]
[Site "Sunningdale ENG"]
[Date "2008.05.04"]
[Round "10.1"]
[White "Johnsen, Sylvia"]
[Black "Muir, Andrew J"]
[Result "0-1"]
[WhiteElo "2043"]
[BlackElo "2360"]
[PlyCount "60"]
[EventDate "2008.05.04"]
[EventCountry "ENG"]
[SourceDate "2007.09.15"]

1. e4 c5 2. Nf3 Nc6 3. d4 cxd4 4. Nxd4 Nf6 5. Nc3 d6 6. Bc4 e6 7. Be3 Be7 8. f3
a6 9. Qd2 O-O 10. g4 Nxd4 11. Bxd4 b5 12. Bd3 Nd7 13. O-O-O b4 14. Nb1 Ne5 15.
Be2 Qa5 16. a3 Nc6 17. Be3 Rb8 18. h4 Bf6 19. c3 bxc3 20. Nxc3 Bd7 21. g5 Rxb2
22. Kxb2 Rb8+ 23. Kc2 Qxa3 24. Rb1 Nb4+ 25. Rxb4 Rxb4 26. Rb1 Ba4+ 27. Nxa4
Qxa4+ 28. Kd3 Qa3+ 29. Kc2 Qa2+ 30. Kd3 Qc4# 0-1

[Event "4NCL/Div2/HKF2 vs. GUI3"]
[Site "Sunningdale ENG"]
[Date "2008.05.04"]
[Round "10.2"]
[White "Povah, Nigel E"]
[Black "Horn, Emilia"]
[Result "1-0"]
[WhiteElo "2329"]
[BlackElo "2052"]
[PlyCount "63"]
[EventDate "2008.05.04"]
[EventCountry "ENG"]
[SourceDate "2007.09.15"]

1. d4 d5 2. Bg5 c6 3. e3 h6 4. Bh4 Qb6 5. Qc1 e5 6. Nf3 e4 7. Nfd2 Nd7 8. c4
Ne7 9. cxd5 cxd5 10. Nc3 g5 11. Bg3 a6 12. Be2 Qe6 13. Qd1 Bg7 14. h4 Nf6 15.
hxg5 hxg5 16. Rxh8+ Bxh8 17. Qb3 b6 18. Rc1 Bb7 19. Na4 Rc8 20. Rc7 Rxc7 21.
Bxc7 b5 22. Nc5 Qc6 23. Be5 Bc8 24. a4 bxa4 25. Qb8 Ng6 26. Bxf6 Bxf6 27. Bxa6
Kd8 28. Bxc8 Qxc8 29. Qd6+ Ke8 30. Qxf6 g4 31. Qa6 Qb8 32. Qxa4+ 1-0

[Event "4NCL/Div2/HKF2 vs. GUI3"]
[Site "Sunningdale ENG"]
[Date "2008.05.04"]
[Round "10.3"]
[White "Forman, Karl L"]
[Black "Sharpe, Ian"]
[Result "0-1"]
[WhiteElo "2023"]
[BlackElo "2290"]
[PlyCount "84"]
[EventDate "2008.05.04"]
[EventCountry "ENG"]
[SourceDate "2007.09.15"]

1. e4 e6 2. d4 d5 3. e5 c5 4. c3 Nc6 5. Nf3 Bd7 6. Be3 cxd4 7. cxd4 Nge7 8. Bd3
Nb4 9. O-O Nxd3 10. Qxd3 Nf5 11. Nc3 Be7 12. Rac1 O-O 13. a3 Rc8 14. b4 a5 15.
Rb1 axb4 16. axb4 Rc4 17. b5 Qa5 18. Bd2 Qb6 19. Be3 Rfc8 20. Rfc1 Nxe3 21.
Qxe3 Qa5 22. Ne2 Rxc1+ 23. Rxc1 Rxc1+ 24. Qxc1 Qxb5 25. Ng3 Qc4 26. Qf4 Ba3 27.
h4 Qc1+ 28. Qxc1 Bxc1 29. Kf1 Ba4 30. Ke2 f6 31. Kd3 Kf7 32. h5 h6 33. Kc3 Bd1
34. Nd2 fxe5 35. dxe5 b5 36. Nb3 Bf4 37. Nc5 Bxe5+ 38. Kb4 Bxg3 39. fxg3 Be2
40. Nd7 Ke7 41. Ne5 Kf6 42. Ng6 e5 0-1

[Event "4NCL/Div2/HKF2 vs. GUI3"]
[Site "Sunningdale ENG"]
[Date "2008.05.04"]
[Round "10.4"]
[White "Tymrakiewicz, Rafal"]
[Black "Tivillier, Jacques"]
[Result "1-0"]
[WhiteElo "2269"]
[BlackElo "1900"]
[PlyCount "103"]
[EventDate "2008.05.04"]
[EventCountry "ENG"]
[SourceDate "2007.09.15"]

1. d4 d5 2. c4 e6 3. Nc3 Nf6 4. Nf3 Be7 5. Bg5 h6 6. Bh4 Ne4 7. Bxe7 Qxe7 8.
Qc2 Nxc3 9. Qxc3 dxc4 10. Qxc4 Nc6 11. Rc1 Qb4+ 12. Qxb4 Nxb4 13. a3 Nc6 14. e4
Bd7 15. Bb5 O-O-O 16. O-O Rhe8 17. Rc5 Ne7 18. Bxd7+ Rxd7 19. Rd1 f6 20. Kf1
Red8 21. Ke2 Kb8 22. Ke3 b6 23. Rc4 c5 24. Rdc1 cxd4+ 25. Rxd4 e5 26. Rxd7 Rxd7
27. g3 Kb7 28. Ne1 Nc6 29. f4 Nd4 30. fxe5 fxe5 31. Nd3 Re7 32. Nxe5 Nb3 33.
Rc3 Nc5 34. Kd4 Ne6+ 35. Kd5 Nc7+ 36. Kd6 Re6+ 37. Kd7 Rxe5 38. Rxc7+ Ka6 39.
Rc4 b5 40. Rd4 Kb6 41. Kd6 Re8 42. Kd5 Rd8+ 43. Ke5 Re8+ 44. Kf4 Re7 45. e5
Rf7+ 46. Ke3 Re7 47. Ke4 Kc6 48. b4 Re6 49. Rd3 g6 50. h4 h5 51. Rf3 Kd7 52.
Rf7+ 1-0

[Event "4NCL/Div2/HKF2 vs. GUI3"]
[Site "Sunningdale ENG"]
[Date "2008.05.04"]
[Round "10.5"]
[White "Hogarth, Mark J"]
[Black "Jackson, Adrian"]
[Result "1/2-1/2"]
[WhiteElo "1897"]
[BlackElo "2216"]
[PlyCount "53"]
[EventDate "2008.05.04"]
[EventCountry "ENG"]
[SourceDate "2007.09.15"]

1. e4 c5 2. Nc3 Nc6 3. f4 e6 4. Nf3 d5 5. Bb5 Nge7 6. Qe2 d4 7. Nb1 a6 8. Bxc6+
Nxc6 9. d3 Be7 10. O-O O-O 11. Nbd2 b5 12. Ne5 Qc7 13. Ndf3 f6 14. Nxc6 Qxc6
15. b3 Bb7 16. Bd2 Rae8 17. a4 Bd8 18. axb5 axb5 19. b4 Bb6 20. bxc5 Bxc5 21.
Rfb1 Ra8 22. Rxa8 Rxa8 23. h3 Ra2 24. Bc1 Bb6 25. Bb2 Qc7 26. Kh1 e5 27. Qf2
1/2-1/2

[Event "4NCL/Div2/BARY vs. SWD1"]
[Site "Sunningdale ENG"]
[Date "2008.05.04"]
[Round "10.1"]
[White "Hodgson, John H"]
[Black "Cobb, James E"]
[Result "0-1"]
[WhiteElo "2211"]
[BlackElo "2425"]
[PlyCount "98"]
[EventDate "2008.05.04"]
[EventCountry "ENG"]
[SourceDate "2007.09.15"]

1. e4 e5 2. Nf3 Nc6 3. Bb5 a6 4. Ba4 Nf6 5. O-O Be7 6. Re1 b5 7. Bb3 O-O 8. a4
b4 9. d3 d6 10. a5 Be6 11. Nbd2 Rb8 12. Nc4 Nd7 13. Be3 Bf6 14. Nfd2 Nd4 15.
Ba2 Nc5 16. Bb1 Bg5 17. c3 bxc3 18. bxc3 Bxe3 19. Rxe3 Nb5 20. Qc2 f5 21. Ba2
Kh8 22. Ree1 Qf6 23. f3 f4 24. Rad1 Rbd8 25. Nb1 Bg8 26. Qf2 Nb7 27. d4 Bxc4
28. Bxc4 Nxa5 29. dxe5 dxe5 30. Bf1 Nb7 31. Kh1 h6 32. Qb2 Qc6 33. c4 Nd4 34.
Nc3 Nd6 35. Qa2 Qc5 36. Nd5 a5 37. Ra1 Ra8 38. Qa4 c6 39. Nc3 Qb4 40. Rec1 Nb3
41. Rcb1 Rfb8 42. Qxb4 Rxb4 43. Ra3 Rab8 44. Na2 Nd2 45. Nxb4 axb4 46. Rab3 c5
47. Kg1 Ra8 48. Kf2 Nxb3 49. Rxb3 Ra2+ 0-1

[Event "4NCL/Div2/BARY vs. SWD1"]
[Site "Sunningdale ENG"]
[Date "2008.05.04"]
[Round "10.2"]
[White "Cooper, John G"]
[Black "Levermore, Peter A"]
[Result "1-0"]
[WhiteElo "2352"]
[BlackElo "2143"]
[PlyCount "63"]
[EventDate "2008.05.04"]
[EventCountry "ENG"]
[SourceDate "2007.09.15"]

1. c4 c5 2. g3 Nc6 3. Bg2 g6 4. Nc3 Bg7 5. a3 Nf6 6. Rb1 O-O 7. b4 cxb4 8. axb4
d6 9. Nf3 Bf5 10. d3 Qc8 11. h3 Nd7 12. Nd5 Be6 13. Nf4 Nde5 14. Nxe5 Bxe5 15.
Nxe6 Qxe6 16. b5 Nd8 17. O-O Qd7 18. Bb2 Bxb2 19. Rxb2 Ne6 20. Qd2 Nc5 21. d4
Ne6 22. Ra1 Rfc8 23. Ra4 a6 24. bxa6 Rxa6 25. Rab4 b6 26. h4 Ng7 27. Kh2 Rb8
28. c5 dxc5 29. dxc5 Qc7 30. cxb6 Raxb6 31. Rxb6 Rxb6 32. Rc2 1-0

[Event "4NCL/Div2/BARY vs. SWD1"]
[Site "Sunningdale ENG"]
[Date "2008.05.04"]
[Round "10.3"]
[White "Farrand, Julian T"]
[Black "Kett, Timothy"]
[Result "0-1"]
[WhiteElo "2140"]
[BlackElo "2239"]
[PlyCount "66"]
[EventDate "2008.05.04"]
[EventCountry "ENG"]
[SourceDate "2007.09.15"]

1. Nc3 Nf6 2. e4 e5 3. f4 d5 4. fxe5 Nxe4 5. Qf3 Nxc3 6. dxc3 Be7 7. Bf4 c5 8.
O-O-O Be6 9. Bc4 O-O 10. Bxd5 Bxd5 11. Rxd5 Qa5 12. Kb1 Nc6 13. Ne2 b5 14. Rd7
Rac8 15. Rhd1 Qb6 16. Qg3 Rfe8 17. e6 fxe6 18. Bh6 g6 19. Nf4 Qb8 20. Qg4 Qe5
21. Nxe6 Bf6 22. Ng5 Re7 23. R7d5 Qc7 24. Ne6 Ne5 25. Qf4 Rxe6 26. Qe4 Rce8 27.
Bf4 Qe7 28. Qe3 c4 29. Qg3 a6 30. Qh3 Qf7 31. a3 Bg7 32. Bg5 Qf5 33. Qh4 Qg4
0-1

[Event "4NCL/Div2/BARY vs. SWD1"]
[Site "Sunningdale ENG"]
[Date "2008.05.04"]
[Round "10.4"]
[White "Zeidler, Sven P"]
[Black "Franklin, Samuel"]
[Result "1/2-1/2"]
[WhiteElo "2230"]
[BlackElo "2110"]
[PlyCount "88"]
[EventDate "2008.05.04"]
[EventCountry "ENG"]
[SourceDate "2007.09.15"]

1. e4 c5 2. Nc3 g6 3. f4 Bg7 4. Nf3 Nc6 5. Bb5 Nd4 6. O-O Nh6 7. Bc4 O-O 8.
Nxd4 cxd4 9. Ne2 e6 10. Bb3 d5 11. e5 f6 12. exf6 Bxf6 13. d3 a5 14. a4 Bd7 15.
Kh1 Rc8 16. Bd2 Bg7 17. Qe1 b6 18. Ng1 Kh8 19. Nf3 Ng4 20. Ng5 h6 21. Nf3 Kh7
22. Qg3 Ne3 23. Bxe3 dxe3 24. d4 b5 25. c3 bxa4 26. Bc2 Be8 27. Rfe1 Qb6 28.
Re2 Qb8 29. h4 Qxf4 30. Qxf4 Rxf4 31. Rxe3 e5 32. g3 Rxf3 33. Rxf3 exd4 34. h5
dxc3 35. bxc3 Rxc3 36. Rxc3 Bxc3 37. hxg6+ Bxg6 38. Bxg6+ Kxg6 39. Rxa4 Bb4 40.
Kg2 d4 41. Kf3 d3 42. Ra1 Kg5 43. Rh1 h5 44. Rh4 d2 1/2-1/2

[Event "4NCL/Div2/BARY vs. SWD1"]
[Site "Sunningdale ENG"]
[Date "2008.05.04"]
[Round "10.5"]
[White "O'Toole, George E"]
[Black "Rayner, Francis"]
[Result "0-1"]
[WhiteElo "2047"]
[BlackElo "2209"]
[PlyCount "86"]
[EventDate "2008.05.04"]
[EventCountry "ENG"]
[SourceDate "2007.09.15"]

1. e4 c5 2. c3 Nf6 3. e5 Nd5 4. d4 cxd4 5. cxd4 e6 6. Nc3 Nxc3 7. bxc3 Qc7 8.
Bd2 d6 9. Nf3 Bd7 10. Bd3 Bc6 11. O-O Nd7 12. Re1 dxe5 13. dxe5 Nc5 14. Bc2 a6
15. Nd4 Bd5 16. Qe2 Be7 17. f4 g6 18. c4 Bc6 19. Nxc6 Qxc6 20. Be3 O-O 21. Kh1
Rad8 22. Rab1 Rd7 23. Bxc5 Qxc5 24. Be4 b6 25. Red1 Rfd8 26. Rxd7 Rxd7 27. Bd3
Qd4 28. Be4 Bc5 29. h3 Kg7 30. Kh2 Qc3 31. Rb2 Qc1 32. Kg3 Qc3+ 33. Kh2 Be3 34.
g3 Qc1 35. h4 Rd4 36. Bg2 Rxc4 37. Rb1 Bg1+ 38. Kh3 Qxb1 39. Qxc4 h5 40. Qe2
Qf5+ 41. g4 Qxf4 42. Bf3 hxg4+ 43. Bxg4 Bd4 0-1

[Event "4NCL/Div2/BARY vs. SWD1"]
[Site "Sunningdale ENG"]
[Date "2008.05.04"]
[Round "10.6"]
[White "James, David J"]
[Black "Moore, John C"]
[Result "1/2-1/2"]
[WhiteElo "2188"]
[BlackElo "2054"]
[PlyCount "34"]
[EventDate "2008.05.04"]
[EventCountry "ENG"]
[SourceDate "2007.09.15"]

1. Nf3 Nf6 2. c4 c6 3. d4 d5 4. Nc3 e6 5. e3 Nbd7 6. Bd3 dxc4 7. Bxc4 b5 8. Bd3
Bb7 9. a3 a6 10. Ne4 Nxe4 11. Bxe4 Nf6 12. Bd3 c5 13. dxc5 Bxc5 14. Qe2 O-O 15.
O-O Qe7 16. Rd1 Rfd8 17. Bd2 e5 1/2-1/2

[Event "4NCL/Div2/BARY vs. SWD1"]
[Site "Sunningdale ENG"]
[Date "2008.05.04"]
[Round "10.7"]
[White "Dines, Sheila J"]
[Black "Morris, Charles F"]
[Result "0-1"]
[WhiteElo "1896"]
[BlackElo "2189"]
[PlyCount "54"]
[EventDate "2008.05.04"]
[EventCountry "ENG"]
[SourceDate "2007.09.15"]

1. e4 e6 2. d4 d5 3. Nc3 Nf6 4. Bg5 Bb4 5. e5 h6 6. exf6 hxg5 7. fxg7 Rg8 8.
Qf3 Nd7 9. a3 Be7 10. O-O-O Rxg7 11. Kb1 Nf8 12. Nge2 a6 13. g3 Bd7 14. Qd3 Ng6
15. Bg2 Bc6 16. Rdf1 Bd6 17. Qe3 Qe7 18. Na2 O-O-O 19. Nac1 Rh8 20. Nd3 Bb5 21.
Rc1 f5 22. h3 Qf6 23. Ka2 Rf7 24. f4 gxf4 25. Nexf4 Nxf4 26. Nxf4 Re8 27. Bxd5
exd5 0-1

[Event "4NCL/Div2/BARY vs. SWD1"]
[Site "Sunningdale ENG"]
[Date "2008.05.04"]
[Round "10.8"]
[White "Wilson, Julie"]
[Black "Smith, Lucy"]
[Result "1/2-1/2"]
[WhiteElo "1935"]
[BlackElo "1855"]
[PlyCount "83"]
[EventDate "2008.05.04"]
[EventCountry "ENG"]
[SourceDate "2007.09.15"]

1. d4 d5 2. c4 e6 3. Nf3 Nf6 4. Nc3 Be7 5. Bf4 a6 6. e3 O-O 7. Qc2 c6 8. Bd3 h6
9. h3 Re8 10. O-O Bd6 11. Ne5 Re7 12. Rac1 Bc7 13. Bh2 dxc4 14. Bxc4 Nd5 15.
Qe2 Nd7 16. f4 N7f6 17. Bg3 Nxc3 18. bxc3 Bd6 19. Bh4 Re8 20. Qf3 Be7 21. e4
Nh7 22. Bg3 Nf6 23. f5 Bf8 24. Nxf7 Kxf7 25. fxe6+ Bxe6 26. Bxe6+ Rxe6 27. e5
Kg8 28. exf6 Rxf6 29. Qg4 Rxf1+ 30. Rxf1 Qe7 31. Be5 Re8 32. Rf6 Kh7 33. Qf5+
Kg8 34. Rg6 Qf7 35. Qd3 Re6 36. Rg3 Qe7 37. Qc4 Kh8 38. Re3 Rg6 39. Qf1 Kg8 40.
Rf3 Qe8 41. Qb1 b5 42. Qb3+ 1/2-1/2